Visual Culture (Record no. 2795)

MARC details
000 -LEADER
fixed length control field 00372nam a2200145Ia 4500
008 - FIXED-LENGTH DATA ELEMENTS--GENERAL INFORMATION
fixed length control field 230312s9999||||xx |||||||||||||| ||und||
082 ## - DEWEY DECIMAL CLASSIFICATION NUMBER
Classification number 302.222
Item number DIK-S
100 ## - MAIN ENTRY--PERSONAL NAME
Personal name Dikovitskaya, Margaret
245 #0 - TITLE STATEMENT
Title Visual Culture
260 ## - PUBLICATION, DISTRIBUTION, ETC.
Name of publisher, distributor, etc. MIT Press
Place of publication, distribution, etc. London
Date of publication, distribution, etc. 2005
300 ## - PHYSICAL DESCRIPTION
Extent 316
546 ## - LANGUAGE NOTE
Language note Eng.
650 ## - SUBJECT ADDED ENTRY--TOPICAL TERM
Topical term or geographic name entry element Economics
Form subdivision Introduction , Theoretical Frameworks
942 ## - ADDED ENTRY ELEMENTS (KOHA)
Koha item type BOOK
Holdings
Withdrawn status Lost status Source of classification or shelving scheme Damaged status Not for loan Home library Current library Date acquired Total Checkouts Full call number Barcode Date last seen Price effective from Koha item type
    Dewey Decimal Classification     Superior Information Resource Center (SIRC) Superior University- Central Library Superior Information Resource Center (SIRC) Superior University- Central Library 03/13/2023   302.222 DIK-S 2808 03/13/2023 03/13/2023 BOOK

Powered by Koha